Statistiques concernant Les monuments touristiques les plus visités dans le monde

Cliquez ici pour prendre le quiz!

Statistiques générales

  • Ce quiz a été pris 310 fois
  • Le résultat moyen est 3 sur 10

Statistiques - réponses

Réponse% Correct
6.7 millionsTour Eiffel
96%
4.2 millionsStatue de la liberté
54%
2.4 millionsTaj Mahal
43%
5.1 millionsColisée de Rome
29%
9 millionsGrande muraille de Chine
22%
12 millionsNotre dame de Paris
20%
3 millionsPyramides de Gizeh
9%
7.4 millionsOpéra de Sydney
7%
3 millionsAlhambra
2%
6 millionsMémorial de Lincoln
0%

Distribution des résultats

Percentile par nombre de réponses

% des personnes avec chaque résultat

Votre développement - résultats

Vous n’avez pas pris ce quiz